Day reporting centers / 1 1995

Saved in:  
Bibliographic Details
Format: Print Book
Language:English
Published: Washington, DC U.S. Dep. of Justice, Office of Justice Programs, National Inst. of Justice 1995
In: Day reporting centers
Year: 1995
Check availability: HBZ Gateway
Subito Delivery Service: Order now.

MARC

LEADER 00000cam a22000002cc4500
001 1124337660
003 DE-627
005 20220516144135.0
007 tu
008 960916s1995 xx ||||| 00| ||eng c
035 |a (DE-627)1124337660 
035 |a (DE-576)054337666 
035 |a (DE-599)BSZ054337666 
040 |a DE-627  |b ger  |c DE-627  |e rakwb 
041 |a eng 
245 0 0 |a Day reporting centers  |n 1  |p 1995  |c by Dale Parent ... 
264 1 |a Washington, DC  |b U.S. Dep. of Justice, Office of Justice Programs, National Inst. of Justice  |c 1995 
300 |a XII, 45 S.  |b Ill. 
336 |a Text  |b txt  |2 rdacontent 
337 |a ohne Hilfsmittel zu benutzen  |b n  |2 rdamedia 
338 |a Band  |b nc  |2 rdacarrier 
583 1 |a Archivierung prüfen  |c 20200919  |f DE-640  |z 1  |2 pdager 
773 1 8 |a Day reporting centers  |w (DE-627)1124337067  |w (DE-576)054337062  |g 1  |q 1  |7 nnam 
935 |a mkri 
951 |a MV 
ELC |b 1 
LOK |0 000 xxxxxcx a22 zn 4500 
LOK |0 001 2289295574 
LOK |0 003 DE-627 
LOK |0 004 1124337660 
LOK |0 005 19960916000000 
LOK |0 008 960916||||||||||||||||ger||||||| 
LOK |0 040   |a DE-Frei85  |c DE-627  |d DE-Frei85 
LOK |0 852   |a DE-Frei85 
LOK |0 852 1  |m p  |9 00 
LOK |0 938   |k p 
LOK |0 939   |a 16-09-96  |b l01 
ORI |a SA-MARC-krimdoka001.raw